Statistiques concernant Pokémon-Rapports entre personnages

Cliquez ici pour prendre le quiz!

Statistiques générales

  • Ce quiz a été pris 25 fois
  • Le résultat moyen est 8 sur 16

Statistiques - réponses

GroupeRapport% Correct
N et GhetisRoi et conseiller
82%
Levy et TatiaFrère et soeur
77%
Koga et JeanninePère et fille
64%
Red et BlueRivaux
64%
Samuel Chen et
Raphael Chen
Cousins
59%
Alexia et VioletteSoeurs
59%
Goyah,Kunz et ZhuAmis
55%
Sorbier et ChenCollègues
55%
Goyah et GuajavahGrand-père et
petit-fils
50%
Iris et WatsonMaître et élève
41%
Atalante et MarcNièce et oncle
41%
Sonya et MagnoliaPetite-fille et
grand-mère
41%
Professeur Euphorbe
et Professeur Pimprenelle
Mari et femme
32%
Jessie et James, et
Giovanni
Sbires et boss
27%
Chen, et Régis et NinaGrand-père et
petits-enfants
23%
Platane, et Dexio et SinaProfesseur et
assistants
23%

Distribution des résultats

Percentile par nombre de réponses

% des personnes avec chaque résultat

Votre développement - résultats

Vous n’avez pas pris ce quiz